Country Compass - Iceland - Statistics

General Stats
  • This quiz has been taken 16 times
  • The average score is 8 of 9
Answer Stats
Country % Correct
Denmark
100%
Canada
93%
Finland
93%
Norway (Svalbard)
93%
Sweden
93%
Belgium
87%
France
87%
Germany
87%
Netherlands
80%
No matching quizzes found
Score Distribution
Percent of People with Each Score
Percentile by Number Answered
Your Score History
You have not taken this quiz